| 000 | 01264nam0a2200301 4500 | ||
|---|---|---|---|
| 001 | RU\NLR\bibl\1351206 | ||
| 005 | 20260406092644.0 | ||
| 010 |
_a978-5-392-00529-1 _92000 |
||
| 021 |
_aRU _b2009-8873 _9513 |
||
| 035 | _a(NLR Aleph) 001336290 | ||
| 090 |
_a832263 _c832263 |
||
| 100 | _a20090403d2009 |||y0rusy50 ca | ||
| 101 | 0 | _arus | |
| 102 | _aRU | ||
| 105 | _ay ||||||||| | ||
| 200 | 1 |
_aИстория России _eучебное пособие _fН.Г. Георгиева, В.А. Георгиев _gМГУ им. М.В. Ломоносова, Ист. фак. |
|
| 210 |
_aМосква _cПроспект _d2009 |
||
| 215 |
_a331, [1] с. _d22 |
||
| 607 |
_aРоссия _jУчебные издания для высших учебных заведений _xИстория _91554184 _3RU\NLR\auth\66979780 |
||
| 686 | _aТ3(2)я73 | ||
| 700 | 1 |
_4070 _7ca _8rus _aГеоргиева _bН. Г. _f1944- _gНаталья Георгиевна _9154071 _3RU\NLR\AUTH\770154109 |
|
| 701 | 1 |
_4070 _8rus _7ca _aГеоргиев _bВ. А. _cканд. ист. наук _gВладимир Анатольевич _3RU\NLR\auth\7764051 _946980 |
|
| 801 | 0 |
_aRU _bNLR _c20090403 _gRCR |
|
| 801 | 1 |
_aRU _bNLR _c20090403 |
|
| 942 | _cBOOK | ||
| 980 | _aNB | ||